Click an ABC Show (1990s) Quiz Stats

 Plays Quiz Updated Aug 31, 2017

Challenge
Share
Tweet
Score 0/20 Timer 04:00
2 Plays Today
% Correct
Who Wants to Be A Millionaire
96.2%
Dinosaurs
95.3%
Home Improvement
95.3%
NYPD Blue
95.2%
Ellen
93.4%
The View
93.2%
The Drew Carey Show
93.2%
Sister, Sister
91.6%
Boy Meets World
91%
Sabrina, the Teenage Witch
90.1%
% Correct
Lois & Clark: The New Adventures of Superman
89.7%
Dharma & Greg
88.4%
Spin City
87.9%
Two Guys, a Girl, and a Pizza Place
87.6%
The Practice
86.5%
Step by Step
84.4%
Hangin' with Mr. Cooper
82.9%
My So-Called Life
80.8%
Twin Peaks
77.2%
Grace Under Fire
76.8%

You're not logged in!

Compare scores with friends on all Sporcle quizzes.
Join for Free
OR
Log In

You Might Also Like...

Show Comments

Extras

Top Quizzes Today


Score Distribution

Your Account Isn't Verified!

In order to create a playlist on Sporcle, you need to verify the email address you used during registration. Go to your Sporcle Settings to finish the process.

Report this User

Report this user for behavior that violates our Community Guidelines.

Details: